000 01650nas 2200289 4500
001 87
090 _a87
100 _a20190715b u||y0frey50 ba
101 _afre
200 _aLe rebrousse-Poil
_bPériodique
_eMensuel d'action non-violente, d'écologie et de contre-information
_fJean-Claude Hennet
_fPhilippe Beck
_fMichel Rime
_fJean-Philippe Jeannerat
210 _aLausanne
_bavenue de Béthusy 56, 1012 Lausanne
_bCase postale 308 1211 Genève 4
_cLe Rebrousse-Poil
_gCEDIPS
_gCoopérative d'Impressions Nouvelles
_gAtelier Offset Perrin
_gGenodruck
_d1978-1985
215 _d30 cm.
230 _a8 fichiers PDF (texte)
300 _aFusion de: Le résistant à la guerre, et de: Combat non-violent
304 _aCollaborateurs pour le n°3: Georges Bacon, Antoine Duplan, Marie Empain, Michel Froidevaux, Philippe Gottraux, Vincent Guyot, Jean-Claude Hennet, André Humberset, Florence Lardet, Denis Membrez, Alain Lenoir, Marc Morier, Christian Schilter, Pascal Shmidt, Pascal Tharin
326 _aMensuel
436 _0365
_9365
_cLausanne
_d1972-1977
_nCentre Martin Luther King
_oMensuel romand de liaison, d'information et d'action des mouvements et groupes non-violents
_tCombat non-violent
606 _9557
_aÉcologie
606 _9692
_aPacifisme
607 _9397
_aSuisse romande
700 _96083
_aHennet
_bJean-Claude
701 _94059
_aBeck
_bPhilippe
_f1952-
701 _9211
_aRime
_bMichel
701 _91279
_aJeannerat
_bJean-Philippe
710 _96084
_aLe Rebrousse-Poil
801 _aFR
_b595126101
_cYYYYMMDD
_gAFNOR
955 _r1979: 13-15, 17, 20-22;
_r1981: 40, 42/43-47-48;
_r1982: 49-58/59;
_r1983: 60-70/71;
_r1984: 72-82/83;
_r1985: 84-91